Biggest Cities in Colorado in 1900 - Statistics

General Stats
  • This quiz has been taken 17 times
    11 since last reset
  • The average score is 11 of 20
Answer Stats
Population Answer % Correct
6,150 Boulder
100%
21,085 Colorado Springs
100%
133,859 Denver
100%
3,053 Fort Collins
100%
28,157 Pueblo
100%
3,503 Grand Junction
82%
3,023 Greeley
82%
3,317 Durango
73%
5,345 Trinidad
73%
3,303 Aspen
64%
12,455 Leadville
64%
3,775 Canyon City
36%
10,147 Cripple Creek
36%
2,914 Colorado City
27%
2,513 La Junta
27%
3,722 Salida
27%
3,114 Central City
9%
3,728 Florence
9%
2,502 Idaho Springs
9%
4,986 Victor
9%
No matching quizzes found
Score Distribution
Percent of People with Each Score
Percentile by Number Answered
Your Score History
You have not taken this quiz since the last reset